Official TOEFL iBT tests / (Record no. 27476)
[ view plain ]
| 000 -LEADER | |
|---|---|
| fixed length control field | 01557cam a22003855a 4500 |
| 001 - CONTROL NUMBER | |
| control field | 19876964 |
| 005 - DATE AND TIME OF LATEST TRANSACTION | |
| control field | 20190522101314.0 |
| 006 - FIXED-LENGTH DATA ELEMENTS--ADDITIONAL MATERIAL CHARACTERISTICS--GENERAL INFORMATION | |
| fixed length control field | m||||fq||m 00| 0 |
| 008 - FIXED-LENGTH DATA ELEMENTS--GENERAL INFORMATION | |
| fixed length control field | 170809t2019 nyua fr 000 0 eng d |
| 010 ## - LIBRARY OF CONGRESS CONTROL NUMBER | |
| LC control number | 2016478441 |
| 020 ## - INTERNATIONAL STANDARD BOOK NUMBER | |
| International Standard Book Number | 9781260440959 (book for set) |
| 020 ## - INTERNATIONAL STANDARD BOOK NUMBER | |
| International Standard Book Number | 1260440958 (book for set) |
| 020 ## - INTERNATIONAL STANDARD BOOK NUMBER | |
| International Standard Book Number | 9781260441000 (book and DVD set) |
| 020 ## - INTERNATIONAL STANDARD BOOK NUMBER | |
| International Standard Book Number | 1260441008 (book and DVD set) |
| 035 ## - SYSTEM CONTROL NUMBER | |
| System control number | (OCoLC)ocn907445609 |
| 040 ## - CATALOGING SOURCE | |
| Original cataloging agency | YDXCP |
| Language of cataloging | eng |
| Transcribing agency | YDXCP |
| Modifying agency | BTCTA |
| -- | OCLCQ |
| -- | SINLB |
| -- | OCLCO |
| -- | GK8 |
| -- | OCLCO |
| -- | VP@ |
| -- | OCLCA |
| -- | OCLCF |
| -- | OCLCO |
| -- | OCLCQ |
| -- | OCLCO |
| -- | S1C |
| -- | I8M |
| -- | OCLCQ |
| -- | OCLCO |
| -- | CZA |
| -- | DLC |
| -- | EG-ScBUE |
| 082 04 - DEWEY DECIMAL CLASSIFICATION NUMBER | |
| Classification number | 428.0076 |
| Item number | OFF |
| Edition number | 22 |
| 245 00 - TITLE STATEMENT | |
| Title | Official TOEFL iBT tests / |
| Statement of responsibility, etc | ETS [Educational Testing Service] |
| 246 3# - VARYING FORM OF TITLE | |
| Title proper/short title | TOEFL iBT tests |
| 250 ## - EDITION STATEMENT | |
| Edition statement | Domestic ed. |
| 250 ## - EDITION STATEMENT | |
| Edition statement | 3rd ed. |
| 260 ## - PUBLICATION, DISTRIBUTION, ETC. (IMPRINT) | |
| Place of publication, distribution, etc | New York : |
| Name of publisher, distributor, etc | McGraw-Hill Education, |
| Date of publication, distribution, etc | c.2019. |
| 300 ## - PHYSICAL DESCRIPTION | |
| Extent | 458 p. : |
| Other physical details | ill. ; |
| Dimensions | 28 cm + |
| Accompanying material | 1 DVD-ROM (4 3/4 in.) |
| 500 ## - GENERAL NOTE | |
| General note | "5 real past TOEFL tests from ETS"--Cover. |
| 500 ## - GENERAL NOTE | |
| General note | "With all 5 tests on Interactive DVD-ROM"--Cover. |
| 520 ## - SUMMARY, ETC. | |
| Summary, etc | Offers test preparation for the TOEFL iBT test, including five full-length tests designed to measure test readiness. |
| 650 #7 - SUBJECT ADDED ENTRY--TOPICAL TERM | |
| Topical term or geographic name as entry element | Test of English as a Foreign Language |
| Form subdivision | Study guides. |
| Source of heading or term | BUEsh |
| 650 #7 - SUBJECT ADDED ENTRY--TOPICAL TERM | |
| Topical term or geographic name as entry element | English language |
| Form subdivision | Textbooks for foreign speakers. |
| Source of heading or term | BUEsh |
| 650 #7 - SUBJECT ADDED ENTRY--TOPICAL TERM | |
| Topical term or geographic name as entry element | English language |
| General subdivision | Examinations |
| Form subdivision | Study guides. |
| Source of heading or term | BUEsh |
| 651 ## - SUBJECT ADDED ENTRY--GEOGRAPHIC NAME | |
| Source of heading or term | BUEsh |
| 653 ## - INDEX TERM--UNCONTROLLED | |
| Resource For college | Humanities: English |
| -- | Generalities |
| Arrived date list | May2019 |
| 655 ## - INDEX TERM--GENRE/FORM | |
| Form subdivision | Reading book |
| 710 2# - ADDED ENTRY--CORPORATE NAME | |
| Corporate name or jurisdiction name as entry element | Educational Testing Service, |
| Relator term | editor. |
| 942 ## - ADDED ENTRY ELEMENTS (KOHA) | |
| Source of classification or shelving scheme | Dewey Decimal Classification |
| Withdrawn status | Item status | Source of classification or shelving scheme | Damaged status | Not for loan | Vendor | Home library | Current library | Shelving location | Date acquired | Source of acquisition | Cost, normal purchase price | Total Checkouts | Total Renewals | Full call number | Barcode | Date last seen | Date last borrowed | Cost, replacement price | Koha item type |
|---|---|---|---|---|---|---|---|---|---|---|---|---|---|---|---|---|---|---|---|
| Dewey Decimal Classification | Baccah | Central Library | Central Library | Second Floor | 22/05/2019 | Purchase | 550.00 | 5 | 1 | 428.0076 OFF | 000047851 | 15/07/2025 | 05/12/2023 | 687.50 | Book - Borrowing | ||||
| Dewey Decimal Classification | Baccah | Central Library | Central Library | Second Floor | 22/05/2019 | Purchase | 2 | 428.0076 OFF | 000047852 | 21/08/2022 | 22/09/2019 | CD | DVD - With book |